000 00751nam a2200229 i 4500
003 DO-SdBNP
005 20250411105724.0
007 ta
008 250411b2024 dr ||||| |||| 00| 0 spa d
020 _a9798340759481
040 _aDO-SdBNP
_bspa
_cBNPHU
_erda
041 _aspa
082 4 _a0
_bR838f
_222
100 1 _aRosso, Fanny,
_d1975-
_eautor
_4aut.
_987089
245 1 0 _aFinanzas personales en tiempo de redes sociales :
_bde huérfano financiero a mentor /
_cFanny Rosso.
264 4 _aFlorida :
_bEscuela de editores,
_c©2024.
300 _a148 páginas ;
_c23 cm.
500 _aIncluye datos biográficos de la autora en la contracubierta.
504 _aBibliografía: páginas 147
590 _aInventariado, 2025 /LP
942 _2ddc
_cLBS1
999 _c58269
_d58269